00304nam a22001217a 4500020001800000040000900018082001200027100001800039245005900057260004400116300001200160650001000172 a9780141367286 cNUST a823,ROW aRowling, J.K. aHarry Potter: band the goblet of fire /cJ.k. Rowling aUK bBloomsbury Children's Books c2014 a616 p.; aNoval